Kisah para nabi : teladan bagi orang berakal

Bibliographic Details
Main Author: Al-Quraisy, Abul Fidaa' Ismail bin Katsir
Other Authors: Asmaji AEs Muhtar
Format: Book
Published: Johor Bahru : Perniagaan Jahabersa , 2000
Subjects:

MARC

LEADER 00000cam a2200000 7i4500
001 0000003180
005 20050309.0
020 0 0 |a 9830776530 
090 0 0 |a 297.246   |b QUR 
100 0 0 |a Al-Quraisy, Abul Fidaa' Ismail bin Katsir 
245 0 0 |a Kisah para nabi :   |b teladan bagi orang berakal   |c oleh Abul Fidaa' Ismail Bin Katsir Al-Quraisy (Ibnu Katsir) ; terjemahan oleh Asmaji AEs Muhtar 
260 0 0 |a Johor Bahru :   |b Perniagaan Jahabersa ,   |c 2000 
300 |a vii, 774ms. ;   |c 23cm. 
500 0 0 |a Karya asal: Qishashul anbiyaa' ibratun li-ulil albaab 
650 0 0 |a Islam \x History 
650 0 0 |a Prophets in the Koran 
650 0 0 |a Prophets, Pre-Islamic 
700 1 1 |a Asmaji AEs Muhtar 
999 |a 0000005946   |b Monograph   |c Open Shelf   |e Default branch